Rational expectations : macroeconomics for the 1980s?
Αποθηκεύτηκε σε:
| Κύριος συγγραφέας: | |
|---|---|
| Άλλοι συγγραφείς: | |
| Μορφή: | Βιβλίο |
| Γλώσσα: | English |
| Δημοσίευση: |
London :
Macmillan,
c1984.
|
| Θέματα: | |
| Ετικέτες: |
Προσθήκη ετικέτας
Δεν υπάρχουν, Καταχωρήστε ετικέτα πρώτοι!
|
MARC
| LEADER | 00000cam a2200000 a 4500 | ||
|---|---|---|---|
| 001 | 1/118266 | ||
| 008 | 190318t1984####uk | ||| |||| ||eng|| | ||
| 020 | |a 0333331443 |q (χαρτόδετο) | ||
| 040 | |a GR-MyUa |b gre |c GR-MyUa |e AACR2 | ||
| 041 | 0 | |a eng | |
| 082 | 7 | |a 339 |2 (23) | |
| 100 | 1 | |a Carter, Michael. | |
| 245 | 1 | 0 | |a Rational expectations : |b macroeconomics for the 1980s? / |c Michael Carter and Rodney Maddock. |
| 260 | |a London : |b Macmillan, |c c1984. | ||
| 300 | |a xiii, 165 σ. : |b διαγρ., πίν. ; |c 22 εκ. | ||
| 504 | |a Περιλαμβάνει βιβλιογραφικές παραπομπές και ευρετήριο. | ||
| 650 | 0 | |a Macroeconomics. | |
| 700 | 1 | |a Maddock, R. J. | |
| 852 | |a INST |b CHIOS |c TSAMOYRGELIS |e 20190318 |h 339 CAR |p 005200037721 |q 005200037721 |t BK |y 0 | ||
| 970 | |a Σπέντζα |b Ελένη |z 18-03-2019 | ||